000 00288nam a22001337a 4500
008 180316b xxu||||| |||| 00| 0 eng d
020 _a0516017012
041 _aeng
080 _a78
100 _a45
101 _amus
245 _aa new true book music
_cgreene.c
942 _2udc
_cBK
999 _c45275
_d45275